|
|
|
|
| LEADER |
01167nam a2200277 a 4500 |
| 001 |
GR-MES3593 |
| 008 |
991111s1992 gr 000 0 gre d |
| 020 |
|
|
|a 9603310407
|
| 040 |
|
|
|a GrPaTEI
|b gre
|c GR-PaULI
|
| 245 |
0 |
0 |
|a Τεχνικό σχέδιο.
|
| 250 |
|
|
|a 5η
|
| 260 |
|
|
|a Αθήνα :
|b Ευρωπαικές Τεχνολογικές Εκδόσεις,
|c 1992
|
| 300 |
|
|
|a 107σελ. :
|b εικ.,διαγρ.
|
| 490 |
1 |
|
|a βιβλιοθήκη του μηχανολόγου
|
| 650 |
|
4 |
|a ΤΕΧΝΙΚΗ ΕΠΙΚΟΙΝΩΝΙΑ
|
| 650 |
|
4 |
|a ΤΕΧΝΙΚΟ ΣΧΕΔΙΟ
|
| 700 |
1 |
|
|a Heinzler, M.
|
| 700 |
1 |
|
|a Leopold, B.
|
| 700 |
1 |
|
|a Maier, E.
|
| 700 |
1 |
|
|a Schilling, K.
|
| 710 |
0 |
|
|a Ευρωπαικές Τεχνολογικές Εκδόσεις
|
| 830 |
|
0 |
|1 0015583
|1 2001
|a Η απεργία των δικηγόρων (Φιλίππου Κ. Σπυρόπουλου)
|
| 942 |
|
|
|2 ddc
|
| 952 |
|
|
|0 0
|1 0
|2 ddc
|4 0
|6 758_600000000000000_ΗΕΙ
|7 0
|9 268203
|a MSLG
|b MSLG
|c BSC
|d 2021-01-17
|e 24
|f 0
|g 0.00
|l 0
|o 758.6 ΗΕΙ
|p 2420000009148
|r 2021-01-17 00:00:00
|t 1
|w 2021-01-17
|y BK15
|x 19991111 0 1
|x GrPaTEI
|
| 971 |
|
|
|a .b25746388
|b 16-04-20
|c 13-09-16
|
| 999 |
|
|
|c 154498
|d 154498
|